01319nam a22002537a 4500003001000000005001700010007000300027008004100030015001200071020002200083040003400105044001300139080002400152100004300176245005100219250001100270260003800281300002100319490002600340520060100366650003300967655002901000655003601029AR-RoUNCS20260305120109.0ta220510s2012 ag a gr 001 f spa  aAR-2012 a978-987-642-146-1 aAR-BaBNbspacAR-RoUNCSeaacr aagcar-c1 a82-312.4(460)220161 aAlacá Suárez, Fernandoeautor4aut10aNe obliviscaris /cFernando Alcalá Suárez. a1a ed. aBuenos Aires :bEdelvives,c2012. a139 p. ;c21 cm.0 aColección Alandar A3 a¿Hasta dónde llega la fuerza de un rumor? En Bran, una lejana isla del mar del Norte, un grupo de chicos descubre una realidad aterradora: lo que se dice por los pasillos de su instituto cambia la realidad. Pero solo hasta la llegada de la noche, pues la luna se encarga de borrar los recuerdos. Ash, Rudy, Maya y una enigmática pareja de estudiantes tendrán que unir sus fuerzas para evitar que la tormenta del Olvido arrase con todo lo que conocen. Uno de ellos guarda un secreto que puede ser, a la vez, su salvación y su condena. ¿O será solo un rumor? (Descripción del Editor). 72embneaLiteratura española 7aNovelas juveniles2embne 7aNovelas de acción y aventuras